Statistiques concernant Groupe de musique(A-Z)

Cliquez ici pour prendre le quiz!

Statistiques générales

  • Ce quiz a été pris 756 fois
  • Le résultat moyen est 8 sur 26

Statistiques - réponses

LettreIndiceGroupe% Correct
AGroupe de pop suédoisABBA
89%
DGroupe d'électro françaisDaft Punk
73%
QGroupe de rock anglaisQueen
73%
KGroupe d'enfants françaisKid's United
72%
NGroupe de Grunge/rock américainNirvana
68%
UGroupe de rock irlandaisU2
67%
JGroupe de 5 frères américainJackson five
62%
IGroupe de rap françaisIAM
59%
OBoys band anglo-IrlandaisOne direction
39%
MGroupe de zouglou francophoneMagic System
36%
ZGroupe de Blues américainZZ Top
35%
XRapeur américainXXXtentacion
29%
GGroupe de punk/rock américainGreenday
24%
CGroupe de pop/rock britanniqueColdplay
23%
LGroupe de pop espagnoleLas ketchup
23%
YChanteuse françaiseYelle
19%
VGroupe de hard rock américainVan Halen
16%
BGroupe de rock/metal du Royaume-UniBlack Sabbath
13%
EGroupe de metal américainEvanescence
9%
WGroupe de K-popWanna One
3%
FGroupe de pop/rock américainFall out boy
2%
RGroupe de rock américainR.E.M.
2%
TGroupe de rock d'une ancienne mannequinThe pretty reckless
2%
HGroupe de rock américainHalestorm
1%
PGroupe de pop/rock américainParamore
1%
SGroupe de rock américainSkillet
1%

Distribution des résultats

Percentile par nombre de réponses

% des personnes avec chaque résultat

Votre développement - résultats

Vous n’avez pas pris ce quiz